| 000 | 00318 a2200121 4500 | ||
|---|---|---|---|
| 001 | 89219 | ||
| 082 | _a612.14 PAL | ||
| 090 |
_c42170 _d42170 |
||
| 100 | _aPalmer Anna Dr; Bryan Williams Prof | ||
| 245 | _aSimple guide to blood pressure | ||
| 260 |
_aUK _bCSF Medical Communications _c2005 |
||
| 300 | _aviii, 120 p. | ||
| 942 |
_aCAE NUST _k612.14 PAL |
||
| 999 |
_c324292 _d324292 |
||